| 000 | 01215nam a2200241 i 4500 | ||
|---|---|---|---|
| 005 | 20211031121328.0 | ||
| 008 | 211031s2021 enk g ||0 1 eng d | ||
| 020 |
_a9781474966245 _cRM 39.90 _qpaperback |
||
| 040 |
_aPPAK _beng _cPPAK _erda |
||
| 082 | 0 | 4 |
_223 _a823.92 |
| 090 | 0 | 0 |
_a823.92 _bHAG _dG |
| 100 | 1 | 0 |
_aHagger-Holt, Sarah _eauthor. |
| 245 | 1 | 4 |
_aPROUD of me : _bAll I want is for my family to be... / _cSARAH HAGGER-HOLT |
| 264 | 1 |
_aLondon : _bUsborne Publishing Ltd., _c[2021] |
|
| 300 |
_a293pages ; _c20 cm. |
||
| 336 |
_2rdacontent _atext |
||
| 337 |
_2rdamedia _aunmediated |
||
| 338 |
_2rdacarrier _avolume |
||
| 520 | _a Becky and Josh are almost-twins, with two mums and the same anonymous donor dad. Josh can't wait until he's eighteen, the legal age when he can finally contact his father, and he'll do anything to find out more, even if it involves lying. Becky can't stop thinking about her new friend, Carli. Could her feelings for Carli be a sign of something more? Becky and Josh both want their parents to be proud of them, but right now, they're struggling to even accept themselves. | ||
| 650 | 1 | 0 |
_aSexual minorities _v fiction. |
| 650 | 2 | 0 |
_aFamilies _v fiction. |
| 942 |
_2ddc _cB |
||
| 999 |
_c185793 _d185793 |
||